书目信息 |
| 题名: |
布贴画与拉线画
|
|
| 作者: | 庞培莉 , 李平 , 陈燕舒 著 | |
| 分册: | ||
| 出版信息: | 北京 中国社会出版社 2005.12 |
|
| 页数: | 291页 | |
| 开本: | 20cm | |
| 丛书名: | ||
| 单 册: | ||
| 中图分类: | J529 | |
| 科图分类: | ||
| 主题词: | ||
| 电子资源: | ||
| ISBN: | 7-5087-0830-X | |
| 000 | 01120nam0 2200337 450 | |
| 000 | 01083nam0 2200325 450 | |
| 000 | 01081nam0 2200337 450 | |
| 000 | 01027nam0 2200313 450 | |
| 000 | 01034nam0 2200301 450 | |
| 000 | 00997nam0 2200289 45 | |
| 001 | 0199020827 | |
| 005 | 20061203110136.71 | |
| 010 | @a7-5087-0830-X@dCNY30.00 | |
| 100 | @a20060929d2005 em y0chiy0121 ea | |
| 101 | 0 | @achi |
| 102 | @aCN@b130000 | |
| 105 | @af z 000dy | |
| 200 | 1 | @a布贴画与拉线画@ABu Tie Hua Yu La Xian Hua@f庞培莉,李平,陈燕舒著@FPang Pei Li, Li Ping, Chen Yan Shu Zhu |
| 210 | @a北京@c中国社会出版社@d2005.12 | |
| 215 | @a291页@c插图@d20cm | |
| 600 | 0 | @a布料@x贴画@x工艺美术@y中国 |
| 600 | @a绒线@x贴画@x工艺美术@y中国 | |
| 690 | @aJ529@v4 | |
| 701 | 0 | @a庞培莉@APang Pei Li@4著 |
| 701 | @a李平@ALi Ping@4著 | |
| 701 | @a陈燕舒@AChen Yan Shu@4著 | |
| 801 | 0 | @aCN@b中图数据@c20061203 |
| 905 | @a10447@dJ529@e175 | |
| 布贴画与拉线画/庞培莉,李平,陈燕舒著.-北京:中国社会出版社,2005.12 |
| 291页:插图;20cm |
| ISBN 7-5087-0830-X:CNY30.00 |
| ● |
| 相关链接 |
|
|
|
|
正题名:布贴画与拉线画
索取号:J529/175
 
预约/预借
| 序号 | 登录号 | 条形码 | 馆藏地/架位号 | 状态 | 备注 |
| 1 | 0605956 | 206059566 | 第一样本阅览室/ [索取号:J529/175] | 在馆 | |
| 2 | 0605957 | 206059575 | 第一借阅区/ [索取号:J529/175] | 在馆 | |
| 3 | 0605958 | 206059584 | 第一借阅区/ [索取号:J529/175] | 在馆 | |
| 4 | 0605959 | 206059593 | 第一借阅区/ [索取号:J529/175] | 在馆 |